00000000nam 2200000za 4500
0019.843905
003CaOODSP
00520210625030525
007cr |||||||||||
008170918s2017    qucd    ou   f000 0 eng d
020 |a9780660097671
040 |aCaOODSP|beng
043 |an-cn---
0861 |aEm15-3/11-2017E-PDF
24500|aConcrete finisher |h[electronic resource].
260 |aGatineau, Que. : |bEmployment and Social Development Canada, |c2017.
300 |a99 p. : |bcol. chart.
4901 |aRed Seal occupational standard
500 |aIssued by: Trades and Apprenticeship Division.
500 |aIssued also in French under title: Finisseur/finisseuse de béton.
500 |a"Red Seal Program = Programme Sceau rouge."
500 |a"Interprovincial Standard Canada = Norme interprovinciale Canada."
520 |a"The Concrete Finisher Red Seal Occupational Standard is developed by Canadian trade representatives. It collects information about the trade as it is practiced across Canada. This Standard provides a complete description of all trade activities, skills and knowledge. The Standard defines the trade by collecting and organizing elements together"--Provided by publisher.
69207|2gccst|aOccupations
69207|2gccst|aJob description
69207|2gccst|aVocational training
69207|2gccst|aStandards
7101 |aCanada. |bEmployment and Social Development Canada.
7101 |aCanada. |bTrades and Apprenticeship Division.
7102 |aInterprovincial Standards Red Seal Program (Canada)
77508|tFinisseur/finisseuse de béton |w(CaOODSP)9.843916
830#0|aRed Seal occupational standard.|w(CaOODSP)9.822603
85640|qPDF|s1.56 MB|uhttps://publications.gc.ca/collections/collection_2018/edsc-esdc/Em15-3-11-2017-eng.pdf
986 |aLM-503-09-17E